000 00463nam a2200181Ia 4500
001 11641
005 20260306162843.0
008 260306t1992||||xx |||||||||||||| ||spa||
041 _aESP
082 _a985.61
_bP78
100 _aPorras Barrenechea, Raúl
_eAUT
245 0 _aAntología del Cuzco:
_b(con fotografías de Martín Chambi)
260 _c1992
300 _a426 páginas :
_c24 cm.
650 _aGEN
654 _aCHU
942 _cLIB
_dJUS
_fJUS
_2ddc
_n
999 _c11641
_d11641